Математический эксперимент в теории разработки нефтяных месторождений

التفاصيل البيبلوغرافية
المؤلف الرئيسي: Скворцов В. В. Владимир Викторович
مؤلف مشترك: Академия наук СССР (АН СССР) Казанский физико-технический институт (КФТИ)
اللغة:الروسية
منشور في: Москва, Наука, 1970
الموضوعات:
التنسيق: MixedMaterials كتاب
KOHA link:https://koha.lib.tpu.ru/cgi-bin/koha/opac-detail.pl?biblionumber=140812

MARC

LEADER 00000nam0a2200000 4500
001 140812
005 20231031142202.0
035 |a (RuTPU)RU\TPU\book\152574 
090 |a 140812 
100 |a 20080710d1970 km y0rusy50 ca 
101 0 |a rus 
102 |a RU 
105 |a af z 001zy 
200 1 |a Математический эксперимент в теории разработки нефтяных месторождений  |f В. В. Скворцов  |g Казанский физико-технический институт 
210 |a Москва  |c Наука  |d 1970 
215 |a 224 с.  |c ил. 
320 |a Библиогр.: с. 211-221. 
320 |a Имен. указ.: с. 222. 
610 1 |a нефтедобыча 
610 1 |a математические исследования 
610 1 |a нефтяные месторождения 
610 1 |a эксперименты 
675 |a 622.323  |v 3 
700 1 |a Скворцов  |b В. В.  |g Владимир Викторович 
712 0 2 |a Академия наук СССР (АН СССР)  |b Казанский физико-технический институт (КФТИ)  |2 stltpush  |3 (RuTPU)RU\TPU\col\6761 
801 1 |a RU  |b 63413507  |c 20080710  |g PSBO 
801 2 |a RU  |b 63413507  |c 20151123  |g PSBO 
942 |c BK